Spracovanie veľkých objemov dát s využitím výpočtového modelu MapReduce

Guardado en:
Detalles Bibliográficos
Autor principal: Súkeník, Ján, 1990- (Autor)
Otros Autores: Lacko, Peter, 1980- (Orientador)
Formato: Manuscrito Libro
Lenguaje:eslovaco
Publicado: Bratislava : STU v Bratislave FIIT, 2011
Materias:
Acceso en línea:VAIS
Etiquetas: Agregar Etiqueta
Sin Etiquetas, Sea el primero en etiquetar este registro!

MARC

LEADER 00000ntm a22000003a 4500
001 stu233619
005 20150617230137.2
008 110823s2011----xo------------------slo-d
040 |a STU  |b slo 
041 0 |a slo 
044 |a xo 
100 1 |a Súkeník, Ján,  |d 1990-  |4 aut  |u I200  |U FIIT Fakulta informatiky a informačných technológií  |T FIIT Ústav informatiky a softvérového inžinierstva  |X 56303  |U I200  |Y 179  |7 56303 
242 0 0 |a Processing of large datasets using MapReduce programming model  |y eng 
245 1 |a Spracovanie veľkých objemov dát s využitím výpočtového modelu MapReduce 
260 |a Bratislava :  |b STU v Bratislave FIIT,  |c 2011 
300 |a 50 s 
650 7 |a similarity  |2 estusub 
650 7 |a podobnosť  |2 stusub 
650 7 |a informatika  |2 stusub 
650 7 |a Informatics  |2 estusub 
700 1 |a Lacko, Peter,  |d 1980-  |4 ths  |u I200  |U FIIT Fakulta informatiky a informačných technológií  |T FIIT Ústav informatiky a softvérového inžinierstva  |X 1780  |U I200  |Y 179  |7 1780 
856 4 |a info a plný text  |u http://is.stuba.sk/zp/portal_zp.pl?podrobnosti=56969  |3 VAIS 
996 |b IBAP112/11  |c I*BAP112/11  |l II680  |s A  |a 24  |w stu233619_0001